000 00952cam a22001937i 4500
001 Rebiun37592951
008 250224s2025 enk 000 f eng d
020 _a9781035026081
040 _ctbs
041 _aeng
100 _aAkbar, Kaveh
_925390
_eauthor
245 1 0 _aMartyr!
_c/ Kaveh Akbar
260 _aLondon :
_bPicador,
_c2025
300 _a331 pages ;
_c20cm.
520 _aCyrus Shams has always been lost. He’s grown up tangled in the mysteries of his past – an uncle who rode through Iranian battlefields, a haunting work of art by an exiled painter, and his mother, whose plane was shot down over the Persian Gulf when he was just a baby. Now, newly sober and maybe in love, he’s headed for an encounter that will transform everything he thought he knew. Can a final revelation change the truth of Cyrus's life?
650 0 _aIranian Americans
_vFiction
655 0 _aFiction of Black and Asian Interest.
_925392
942 _2lcc
999 _c4718
_d4718